000 00474nam a2200157 a 4500
005 20140412111305.0
008 010502s19uu xx 00 eng d
050 _aTR(PS E
_bVa23 1983
100 _aBunting, Eve
245 _aValentine bears (The) /
_cby Eve Bunting; pictures by Jan Brett.
260 _aMiddletown, Connecticut :
_bWeekly Reader Books,
_c1983.
300 _a1v. (unp.) ; ill.
650 _aValentine-Stories
650 _aBears-Fiction
999 _c103661
_d103661